| 000 | 00759nam a22002417a 4500 | ||
|---|---|---|---|
| 003 | EG-ScBUE | ||
| 005 | 20221207141126.0 | ||
| 008 | 100223s1987 enkae f 001 0 eng d | ||
| 020 | _a0851394183 | ||
| 020 | _a9780851394183 | ||
| 040 |
_aEG-ScBUE _beng _erda _cEG-ScBUE _dEG-ScBUE |
||
| 082 | 0 | 4 |
_222 _a725.822 _bHAM |
| 100 | 1 |
_aHam, Roderick, _eauthor. |
|
| 245 | 1 | 0 |
_aTheatres : _bplanning guidance for design and adaption / _cRoderick Ham. |
| 264 | 1 |
_aLondon : _bThe Architectural Press, _c1987. |
|
| 300 |
_ax, 246 pages : _billustrations, plans ; _c31 cm |
||
| 500 | _aIncludes index. | ||
| 650 | 7 |
_911730 _aArchitectural drawings. _2BUEsh |
|
| 650 | 7 |
_aTheater architecture. _2BUEsh |
|
| 653 | _bENGARC | ||
| 655 | _vReading book | ||
| 942 |
_2ddc _cBB |
||
| 999 |
_c13473 _d13473 |
||